[Event "SVK-chT3B2 1314"]
[Site "Slovakia"]
[Date "2014.02.02"]
[Round "7.1"]
[White "Poliakova, Emma"]
[Black "Jurik, Karol"]
[Result "1/2-1/2"]
[WhiteElo "1613"]
[BlackElo "1948"]
[PlyCount "102"]
[EventDate "2013.10.13"]
[EventType "team-tourn"]
[EventRounds "14"]
[EventCountry "SVK"]
[SourceTitle "EXT 2015"]
[Source "ChessBase"]
[SourceDate "2014.11.20"]
[SourceVersion "1"]
[SourceVersionDate "2014.11.20"]
[SourceQuality "1"]

1. e4 e5 2. Nf3 Nc6 3. c3 d6 4. d4 exd4 5. cxd4 Bd7 6. Bc4 Be7 7. Qb3 Na5 8.
Bxf7+ Kf8 9. Qc3 Kxf7 10. Qxa5 c6 11. Qd2 h6 12. O-O Nf6 13. e5 Nd5 14. Nc3 Rf8
15. Re1 Kg8 16. Nxd5 cxd5 17. Qd3 Kh8 18. exd6 Bxd6 19. Ne5 Bxe5 20. dxe5 Be6
21. Be3 a6 22. Bc5 Rf7 23. Rac1 Rc8 24. Bd6 Rxc1 25. Rxc1 Qb6 26. Rf1 Qc6 27.
b3 Kg8 28. Qe3 Qc2 29. a3 Qg6 30. Qg3 Qe4 31. Qe3 Qxe3 32. fxe3 Rxf1+ 33. Kxf1
d4 34. exd4 Bxb3 35. Bc5 Kf7 36. Kf2 Ke6 37. Ke3 h5 38. Kf4 g6 39. h3 Bc2 40.
Kg5 Be4 41. g3 Bc2 42. g4 hxg4 43. hxg4 Bd3 44. Bb6 Be4 45. a4 Bd3 46. a5 Be4
47. Bc7 Bf3 48. Kxg6 Bxg4 49. Kg7 Bf3 50. Kf8 Bh1 51. Ke8 Bg2 1/2-1/2

[Event "HUN-chT2 Barcza 1314"]
[Site "Hungary"]
[Date "2014.02.02"]
[Round "6"]
[White "Szanto, Imre"]
[Black "Bodnar, Barbara"]
[Result "1/2-1/2"]
[WhiteElo "1750"]
[BlackElo "1768"]
[PlyCount "89"]
[EventDate "2013.09.08"]
[EventType "team-tourn"]
[EventRounds "11"]
[EventCountry "HUN"]
[SourceTitle "EXT 2016"]
[Source "ChessBase"]
[SourceDate "2015.10.10"]
[SourceVersion "1"]
[SourceVersionDate "2015.10.10"]
[SourceQuality "1"]
[WhiteTeam "Hajduszoboszlo"]
[BlackTeam "Nyiregyhaza SI"]
[WhiteTeamCountry "HUN"]
[BlackTeamCountry "HUN"]

1. e4 e5 2. Nf3 Nc6 3. c3 Nf6 4. d4 exd4 5. e5 Nd5 6. cxd4 Bb4+ 7. Bd2 Bxd2+ 8.
Nbxd2 d6 9. Bb5 O-O 10. O-O Nce7 11. a3 c6 12. Bd3 Nf4 13. Nc4 dxe5 14. Ncxe5
Nxd3 15. Qxd3 Bf5 16. Qb3 Qc8 17. Rfe1 Nd5 18. Rad1 f6 19. Nd3 Bxd3 20. Rxd3
Qd7 21. Rde3 Kh8 22. Re4 b6 23. Qc2 Rfe8 24. b4 Rac8 25. g3 Kg8 26. Kg2 g6 27.
Nd2 Kf8 28. Nb3 Rxe4 29. Rxe4 Re8 30. Qe2 Rxe4 31. Qxe4 Qe7 32. f3 Qxe4 33.
fxe4 Nc3 34. Kf3 Ke7 35. Ke3 Ke6 36. Kd3 Nd1 37. Nd2 Nf2+ 38. Kc4 Kd6 39. a4
Ng4 40. Nf1 Nf2 41. Nd2 Nd1 42. Nf3 Nb2+ 43. Kb3 Nd3 44. Kc4 Nf2 45. Nd2
1/2-1/2

[Event "Gibraltar Challengers-B 12th"]
[Site "Caleta"]
[Date "2014.02.01"]
[Round "1"]
[White "Gajic, Mladen"]
[Black "Ramirez Dominguez, Agustin"]
[Result "0-1"]
[WhiteElo "2251"]
[BlackElo "2060"]
[PlyCount "98"]
[EventDate "2014.02.01"]
[EventType "swiss"]
[EventRounds "5"]
[EventCountry "ENG"]
[SourceTitle "CBM 158 Extra"]
[Source "ChessBase"]
[SourceDate "2014.02.28"]
[SourceVersion "1"]
[SourceVersionDate "2014.02.28"]
[SourceQuality "1"]

1. e4 e5 2. Nf3 Nc6 3. c3 Nf6 4. d4 exd4 5. e5 Qe7 6. cxd4 Ne4 7. Nc3 Qb4 8.
Bd2 Nxd2 9. Qxd2 Be7 10. Be2 O-O 11. O-O Bd8 12. Rfe1 Ne7 13. a3 Qb6 14. Rac1
d6 15. exd6 cxd6 16. Bc4 Bd7 17. Ba2 Bc6 18. Ng5 d5 19. Nf3 Re8 20. b4 a6 21.
Ne5 Ng6 22. Nxc6 Rxe1+ 23. Rxe1 bxc6 24. Re8+ Nf8 25. Bb1 Bg5 26. Rxf8+ Rxf8
27. Qd3 g6 28. g3 Re8 29. Kf1 Bf6 30. Ne2 a5 31. bxa5 Qxa5 32. Bc2 Qb5 33. Qd1
Bxd4 34. h4 Bb6 35. Qd2 Qc5 36. Nf4 Ba5 37. Qd3 Re1+ 38. Kg2 Qc3 39. Qa6 Qxc2
40. Qxa5 Qe4+ 41. f3 Qc2+ 42. Kh3 Qf5+ 43. Kg2 Rc1 44. Qd8+ Kg7 45. h5 Rc2+ 46.
Kg1 Rc1+ 47. Kg2 Qc2+ 48. Kh3 Rh1+ 49. Kg4 Qf5# 0-1

[Event "CUB-ch"]
[Site "Santa Clara"]
[Date "2014.01.31"]
[Round "9"]
[White "Quesada Perez, Yasser"]
[Black "Quesada Vera, Liordis"]
[Result "1-0"]
[WhiteElo "2486"]
[BlackElo "2415"]
[PlyCount "95"]
[EventDate "2014.01.22"]
[EventType "tourn"]
[EventRounds "13"]
[EventCountry "CUB"]
[EventCategory "9"]
[SourceTitle "CBM 158 Extra"]
[Source "ChessBase"]
[SourceDate "2014.02.28"]
[SourceVersion "1"]
[SourceVersionDate "2014.02.28"]
[SourceQuality "1"]

1. e4 e5 2. Nf3 Nc6 3. c3 Nf6 4. d4 d5 5. dxe5 Nxe4 6. Bb5 Bc5 7. O-O O-O 8.
Nbd2 Qe7 9. Bxc6 bxc6 10. Qa4 Nxd2 11. Bxd2 Bd7 12. Rfe1 Qe6 13. c4 Rfb8 14.
Bc3 Qg4 15. Rad1 Bb6 16. e6 Bxe6 17. Qxc6 dxc4 18. h3 Qg6 19. Rxe6 Qxe6 20.
Qxe6 fxe6 21. Rd7 e5 22. Bxe5 Re8 23. Rxg7+ Kf8 24. Rxh7 Rad8 25. h4 Rd1+ 26.
Kh2 Bxf2 27. h5 Be3 28. Kg3 Rf1 29. Kg4 Re7 30. Rh8+ Kf7 31. Kf5 c5 32. Ke4 Bc1
33. Rh7+ Kf8 34. Rh8+ Kf7 35. Kd5 Rd7+ 36. Kxc4 Ke6 37. Bc3 Rf2 38. h6 Bxb2 39.
h7 Bxc3 40. Kxc3 Rxh7 41. Rxh7 Rxg2 42. Nd2 Rg3+ 43. Kb2 Rd3 44. Nb3 Rd5 45.
Kc3 Rg5 46. Rxa7 Kd6 47. Ra6+ Kd5 48. Nxc5 1-0

[Event "RA-2013-0-00310"]
[Site "Lechenicher SchachServer"]
[Date "2014.01.30"]
[Round "?"]
[White "Hatsek, Werner"]
[Black "Geiger, Walter"]
[Result "1/2-1/2"]
[WhiteElo "1906"]
[BlackElo "2100"]
[PlyCount "41"]
[EventDate "2013.12.29"]
[EventType "tourn"]
[EventRounds "6"]
[SourceTitle "OM Corr 202003"]
[Source "Opening Master"]
[SourceDate "2019.05.30"]
[SourceVersion "2"]
[SourceVersionDate "2019.05.30"]
[SourceQuality "1"]

1. e4 e5 2. Nf3 Nc6 3. c3 d5 4. Qa4 f6 5. d3 Be6 6. Be2 Bd6 7. exd5 Bxd5 8. d4
exd4 9. cxd4 Nge7 10. Nc3 Bf7 11. O-O O-O 12. a3 Qd7 13. Re1 Rae8 14. Bd3 Nd5
15. Be3 Nxe3 16. fxe3 a6 17. Qc2 g6 18. Ne4 Bd5 19. Nxd6 Qxd6 20. Bxg6 hxg6 21.
Qxg6+ 1/2-1/2

[Event "CUB-ch"]
[Site "Santa Clara"]
[Date "2014.01.29"]
[Round "7"]
[White "Quesada Perez, Yasser"]
[Black "Hevia Alejano, Carlos Antonio"]
[Result "1-0"]
[WhiteElo "2486"]
[BlackElo "2525"]
[PlyCount "95"]
[EventDate "2014.01.22"]
[EventType "tourn"]
[EventRounds "13"]
[EventCountry "CUB"]
[EventCategory "9"]
[SourceTitle "CBM 158 Extra"]
[Source "ChessBase"]
[SourceDate "2014.02.28"]
[SourceVersion "1"]
[SourceVersionDate "2014.02.28"]
[SourceQuality "1"]

1. e4 e5 2. Nf3 Nc6 3. c3 d5 4. Qa4 Nf6 5. Nxe5 Bd6 6. Nxc6 bxc6 7. d3 O-O 8.
Nd2 Re8 9. Be2 c5 10. O-O Bd7 11. Qc2 c4 12. d4 Nxe4 13. Nxe4 Bf5 14. f3 Bg6
15. Be3 Qh4 16. g3 Qh3 17. Qd2 dxe4 18. f4 Bh5 19. Bxc4 Bf3 20. Qf2 h5 21. Be2
Re6 22. Bxf3 exf3 23. Qxf3 Rae8 24. Rae1 Qf5 25. Rf2 h4 26. Rfe2 hxg3 27. hxg3
Qd3 28. Kg2 c5 29. Kf2 Rh6 30. Rh1 cxd4 31. cxd4 Rhe6 32. Qh5 Rh6 33. Qf3 Rhe6
34. Rh5 g6 35. Rd5 Bb4 36. Re5 Bf8 37. Rd2 Qb1 38. Rxe6 Rxe6 39. d5 Ra6 40. a3
Qf5 41. Bd4 Ra4 42. Kg2 Qb1 43. Qe3 Ra6 44. Qe5 f6 45. Qe2 Rd6 46. Bxa7 Qf5 47.
Bc5 Rxd5 48. Qc4 1-0

[Event "Dvorkovich Memorial op"]
[Site "Taganrog"]
[Date "2014.01.24"]
[Round "7"]
[White "Korobov, Anton"]
[Black "Khismatullin, Denis"]
[Result "1/2-1/2"]
[WhiteElo "2723"]
[BlackElo "2674"]
[PlyCount "65"]
[EventDate "2014.01.18"]
[EventType "swiss"]
[EventRounds "9"]
[EventCountry "RUS"]
[SourceTitle "CBM 158 Extra"]
[Source "ChessBase"]
[SourceDate "2014.02.28"]
[SourceVersion "1"]
[SourceVersionDate "2014.02.28"]
[SourceQuality "1"]

1. e4 e5 2. Nf3 Nc6 3. c3 Nf6 4. d4 exd4 5. e5 Nd5 6. cxd4 Bb4+ 7. Bd2 Bxd2+ 8.
Qxd2 d6 9. Nc3 Nxc3 10. Qxc3 O-O 11. Be2 Ne7 12. h3 Be6 13. O-O Ng6 14. Rfe1 c6
15. Rad1 Re8 16. Bc4 Bxc4 17. Qxc4 Qc7 18. Qb3 dxe5 19. dxe5 Re6 20. Re3 Rae8
21. Rde1 h6 22. g3 Nxe5 23. Nxe5 Rxe5 24. Rxe5 Rxe5 25. Rxe5 Qxe5 26. Qxb7 Qe1+
27. Kg2 Qe4+ 28. Kh2 Qd4 29. Qc8+ Kh7 30. Qf5+ Kg8 31. Qc8+ Kh7 32. Qf5+ Kg8
33. Qc8+ 1/2-1/2

[Event "San Francisco TNM Winter op"]
[Site "San Francisco"]
[Date "2014.01.21"]
[Round "3"]
[White "Oyuntseren, Togtokh"]
[Black "McCarty Snead, Callaghan"]
[Result "0-1"]
[WhiteElo "1331"]
[BlackElo "1668"]
[PlyCount "110"]
[EventDate "2014.01.07"]
[EventType "swiss"]
[EventRounds "8"]
[EventCountry "USA"]
[SourceTitle "EXT 2016"]
[Source "ChessBase"]
[SourceDate "2015.10.10"]
[SourceVersion "1"]
[SourceVersionDate "2015.10.10"]
[SourceQuality "1"]

1. e4 e5 2. Nf3 Nc6 3. c3 Nf6 4. d4 exd4 5. Nxd4 Nxe4 6. Qe2 Qe7 7. Nxc6 dxc6
8. f3 Nf6 9. Bg5 Be6 10. Nd2 h6 11. Bxf6 Qxf6 12. O-O-O O-O-O 13. g3 Bxa2 14.
Bh3+ Be6 15. Ne4 Qe7 16. Bxe6+ Qxe6 17. Rxd8+ Kxd8 18. Qd2+ Kc8 19. Re1 Qd5 20.
Qe3 Qa2 21. Nd2 Bd6 22. Kc2 b6 23. Nb3 Qa6 24. Qe4 Kb8 25. Qxc6 Qc8 26. Nd4 Qh3
27. Re8+ Rxe8 28. Qxe8+ Kb7 29. Qe4+ Kc8 30. Qe2 Qd7 31. Qe4 Qa4+ 32. Kd2 c5
33. Nf5 Qd7 34. Qe8+ Qxe8 35. Nxd6+ Kd7 36. Nxe8 Kxe8 37. Kd3 Kd7 38. f4 f5 39.
h3 h5 40. Kc4 Kc6 41. b3 b5+ 42. Kd3 a5 43. c4 b4 44. Kc2 Kd6 45. Kd3 Ke6 46.
Ke3 Kf6 47. h4 Ke6 48. Kd3 Kd6 49. Kc2 Kc6 50. Kb2 Kb6 51. Ka2 a4 52. bxa4 Ka5
53. Kb3 g6 54. Ka2 Kxa4 55. Kb2 b3 0-1

[Event "Remote S7E Schnell-101 email"]
[Site "Remote email"]
[Date "2014.01.20"]
[Round "?"]
[White "Tortoza, Carlos Alberto"]
[Black "Decking, Lutz"]
[Result "0-1"]
[WhiteElo "1633"]
[BlackElo "2080"]
[PlyCount "76"]
[EventDate "2014.??.??"]
[EventType "tourn (corr)"]
[EventRounds "6"]
[EventCountry "GER"]
[SourceTitle "OM Corr 202003"]
[Source "Opening Master"]
[SourceDate "2019.05.30"]
[SourceVersion "2"]
[SourceVersionDate "2019.05.30"]
[SourceQuality "1"]

1. e4 e5 2. Nf3 Nc6 3. c3 Nf6 4. d3 Be7 5. Be2 O-O 6. O-O d5 7. Nbd2 b6 8. h3
Bb7 9. b4 a6 10. a4 h6 11. Nh4 dxe4 12. dxe4 Nxe4 13. Nf5 Nxc3 14. Qc2 Nxe2+
15. Kh1 Bg5 16. Nf3 Nxc1 17. Raxc1 Bxc1 18. Qxc1 Qf6 19. N3h4 Rac8 20. b5 Nb4
21. f3 Nd3 22. Qc4 Nf4 23. bxa6 Bd5 24. Qc2 Kh8 25. Kh2 g5 26. g3 Ne6 27. Ng2
Nc5 28. Nge3 Bb3 29. Qc3 Rfd8 30. g4 Rd3 31. Qc1 Rcd8 32. Kg3 Bxa4 33. Qa3 Rxa3
34. Re1 Bc6 35. Nc4 Rxf3+ 36. Kh2 Rf2+ 37. Kg1 Ra2 38. Rxe5 Rd1+ 0-1

[Event "Paracin-ch"]
[Site "Paracin"]
[Date "2014.01.19"]
[Round "9"]
[White "Radovic, Janko"]
[Black "Dinic, Dragan"]
[Result "1/2-1/2"]
[WhiteElo "2098"]
[BlackElo "2313"]
[PlyCount "103"]
[EventDate "2014.01.10"]
[EventType "swiss"]
[EventRounds "9"]
[EventCountry "SRB"]
[SourceTitle "CBM 158 Extra"]
[Source "ChessBase"]
[SourceDate "2014.02.28"]
[SourceVersion "1"]
[SourceVersionDate "2014.02.28"]
[SourceQuality "1"]

1. e4 e5 2. Nf3 Nc6 3. c3 d5 4. Qa4 Bd7 5. exd5 Nd4 6. Qd1 Nxf3+ 7. Qxf3 Bd6 8.
d4 exd4 9. cxd4 Qh4 10. Be3 Nf6 11. h3 O-O 12. Nc3 Rfe8 13. O-O-O Ne4 14. Nxe4
Qxe4 15. Qxe4 Rxe4 16. Bd3 Re7 17. Rhe1 h6 18. Bd2 Rxe1 19. Rxe1 Rd8 20. Re2
Kf8 21. Kd1 a6 22. b3 Bb5 23. Bc4 Be8 24. Bd3 c6 25. dxc6 Bxc6 26. Be4 Bb5 27.
Re1 Be7 28. Bc3 Rc8 29. Bd2 b6 30. Re3 Rd8 31. Bc3 Bc5 32. Bd3 Bxd4 33. Bxd4
Rxd4 34. Kc2 Bc6 35. Kc3 Rd6 36. f3 a5 37. Be4 Be8 38. Rd3 Ke7 39. Re3 Kf6 40.
g3 g5 41. Rd3 Rxd3+ 42. Kxd3 Bd7 43. h4 Ke5 44. hxg5 hxg5 45. Kc3 Kd6 46. Kd4
Be6 47. Bc2 f6 48. f4 gxf4 49. gxf4 Bf7 50. a3 Bd5 51. b4 axb4 52. axb4 1/2-1/2

[Event "SVK-chT3B2 1314"]
[Site "Slovakia"]
[Date "2014.01.19"]
[Round "6.3"]
[White "Poliakova, Emma"]
[Black "Kurtulik, Andrej"]
[Result "1-0"]
[WhiteElo "1613"]
[BlackElo "1860"]
[PlyCount "119"]
[EventDate "2013.10.13"]
[EventType "team-tourn"]
[EventRounds "14"]
[EventCountry "SVK"]
[SourceTitle "EXT 2015"]
[Source "ChessBase"]
[SourceDate "2014.11.20"]
[SourceVersion "1"]
[SourceVersionDate "2014.11.20"]
[SourceQuality "1"]

1. e4 e5 2. Nf3 Nc6 3. c3 Nf6 4. d4 exd4 5. e5 Ng8 6. cxd4 d5 7. Bb5 Bd7 8. Nc3
Bb4 9. O-O Bxc3 10. Bxc6 Bxc6 11. bxc3 Ne7 12. Ba3 Qd7 13. Re1 h6 14. e6 fxe6
15. Ne5 Qc8 16. Qh5+ g6 17. Nxg6 Kd7 18. Nxe7 Qe8 19. Qxe8+ Raxe8 20. Ng6 Rhg8
21. Ne5+ Kc8 22. Nxc6 bxc6 23. Bc5 a6 24. Rab1 Rg6 25. Rb2 Reg8 26. g3 h5 27.
h4 Kd7 28. Kg2 Rg4 29. Rb7 Rxh4 30. Rh1 Rxh1 31. Kxh1 h4 32. Kg2 hxg3 33. fxg3
Rg4 34. Ra7 Re4 35. Rxa6 Re2+ 36. Kf3 Rc2 37. Ra3 Ke8 38. Ra8+ Kf7 39. Bb4 c5
40. Bxc5 Rxc3+ 41. Kf4 Rc2 42. a4 Rf2+ 43. Kg4 Rc2 44. Rf8+ Kg6 45. Re8 Kf6 46.
a5 Ra2 47. Ra8 Ra4 48. Kh5 e5 49. dxe5+ Kxe5 50. a6 d4 51. a7 Kd5 52. Bxd4 Kxd4
53. Rd8+ Kc3 54. a8=Q Rxa8 55. Rxa8 c5 56. Rc8 c4 57. g4 Kd3 58. g5 c3 59. g6
c2 60. g7 1-0

[Event "Regionalliga NO 1314"]
[Site "Bayern"]
[Date "2014.01.19"]
[Round "5.2"]
[White "Mueller, Christian2"]
[Black "Muehling, Werner"]
[Result "1/2-1/2"]
[WhiteElo "2075"]
[BlackElo "2072"]
[PlyCount "28"]
[EventDate "2013.10.13"]
[EventType "team-tourn"]
[EventRounds "9"]
[EventCountry "GER"]
[SourceTitle "EXT 2015"]
[Source "ChessBase"]
[SourceDate "2014.11.20"]
[SourceVersion "1"]
[SourceVersionDate "2014.11.20"]
[SourceQuality "1"]
[WhiteTeam "Windischeschenbach"]
[BlackTeam "Schwandorf"]
[WhiteTeamCountry "GER"]
[BlackTeamCountry "GER"]

1. e4 e5 2. Nf3 Nc6 3. c3 Nf6 4. d3 d5 5. Qc2 Be7 6. Be2 O-O 7. O-O h6 8. Nbd2
Be6 9. b4 a6 10. a3 Qd7 11. Re1 Ne8 12. Bf1 f6 13. Bb2 Nd6 14. Rad1 Rfe8
1/2-1/2

[Event "corr freechess"]
[Site "freechess.de"]
[Date "2014.01.18"]
[Round "?"]
[White "Kevekordes, Peter"]
[Black "Ungerathen, Helmut"]
[Result "1/2-1/2"]
[WhiteElo "2202"]
[BlackElo "2191"]
[PlyCount "64"]
[EventDate "2014.??.??"]
[EventType "tourn (corr)"]
[SourceTitle "OM Corr 202003"]
[Source "Opening Master"]
[SourceDate "2019.05.30"]
[SourceVersion "2"]
[SourceVersionDate "2019.05.30"]
[SourceQuality "1"]

1. e4 e5 2. Nf3 Nc6 3. c3 d5 4. Qa4 f6 5. Bb5 Nge7 6. exd5 Qxd5 7. O-O Bd7 8.
d4 exd4 9. cxd4 Ne5 10. Bxd7+ Qxd7 11. Qxd7+ Nxd7 12. Nc3 O-O-O 13. Re1 Nb6 14.
a4 a6 15. a5 Nbd5 16. Nxd5 Nxd5 17. Bd2 Bb4 18. Rac1 Rhe8 19. Kf1 Bxd2 20. Nxd2
Rxe1+ 21. Rxe1 Nb4 22. Nb3 Nc6 23. Re3 b6 24. Rh3 h6 25. Rg3 Rd7 26. Ke2 Nxa5
27. Nxa5 bxa5 28. Kd3 Re7 29. Re3 Kd7 30. Kc4 Rxe3 31. fxe3 Kd6 32. e4 g6
1/2-1/2

[Event "Paracin-ch"]
[Site "Paracin"]
[Date "2014.01.17"]
[Round "6"]
[White "Radovic, Janko"]
[Black "Micanovic, Zoran"]
[Result "1-0"]
[WhiteElo "2098"]
[BlackElo "2010"]
[PlyCount "25"]
[EventDate "2014.01.10"]
[EventType "swiss"]
[EventRounds "9"]
[EventCountry "SRB"]
[SourceTitle "CBM 158 Extra"]
[Source "ChessBase"]
[SourceDate "2014.02.28"]
[SourceVersion "1"]
[SourceVersionDate "2014.02.28"]
[SourceQuality "1"]

1. e4 e5 2. Nf3 Nc6 3. c3 d5 4. Qa4 dxe4 5. Nxe5 Bd7 6. Nxd7 Qxd7 7. Qxe4+ Nge7
8. Bc4 O-O-O 9. Bxf7 Kb8 10. O-O Ng6 11. Be6 Qd6 12. Bb3 Re8 13. Qxe8+ 1-0

[Event "Remote S5E No Engine Gros.2 email"]
[Site "Remote email"]
[Date "2014.01.15"]
[Round "?"]
[White "Tortoza, Carlos Alberto"]
[Black "Ziegert, Andreas"]
[Result "0-1"]
[WhiteElo "1632"]
[BlackElo "1546"]
[PlyCount "78"]
[EventDate "2014.??.??"]
[EventType "tourn (corr)"]
[EventRounds "9"]
[EventCountry "GER"]
[SourceTitle "OM Corr 202003"]
[Source "Opening Master"]
[SourceDate "2019.05.30"]
[SourceVersion "2"]
[SourceVersionDate "2019.05.30"]
[SourceQuality "1"]

1. e4 e5 2. Nf3 Nc6 3. c3 Nf6 4. d3 Be7 5. Be2 O-O 6. O-O d5 7. Nbd2 d4 8. c4
a6 9. a3 h6 10. Nh4 Nxe4 11. Nhf3 Nxd2 12. Bxd2 Be6 13. h3 Qd7 14. Nh2 e4 15.
Bf4 exd3 16. Bxd3 Bd6 17. Bxd6 Qxd6 18. Qf3 Ne5 19. Qe4 Nxd3 20. Qxd3 c6 21. b4
b5 22. c5 Qf4 23. Rad1 Bc4 24. Qf3 Qxf3 25. Nxf3 Bxf1 26. Kxf1 Rad8 27. Nxd4
Rfe8 28. f3 Re3 29. a4 bxa4 30. Kf2 Rc3 31. Ke2 a3 32. Nxc6 Rxd1 33. Kxd1 a2
34. Ke2 a1=Q 35. Kf2 Rc2+ 36. Kg3 Qe1+ 37. Kg4 Rxg2+ 38. Kf4 g5+ 39. Kf5 Qe6#
0-1

[Event "corr RSX-4-Jahreszeiten 2014 Winter -B"]
[Site "www.remoteschach.de"]
[Date "2014.01.15"]
[Round "?"]
[White "Fleury, Flavio"]
[Black "Plankert, Hans"]
[Result "1/2-1/2"]
[WhiteElo "2344"]
[BlackElo "2224"]
[PlyCount "107"]
[EventDate "2014.??.??"]
[EventType "tourn (corr)"]
[SourceTitle "OM Corr 202003"]
[Source "Opening Master"]
[SourceDate "2019.05.30"]
[SourceVersion "2"]
[SourceVersionDate "2019.05.30"]
[SourceQuality "1"]

1. e4 e5 2. Nf3 Nc6 3. c3 f5 4. d4 fxe4 5. Nxe5 Nf6 6. Bb5 Bd6 7. Ng4 O-O 8.
O-O Nxg4 9. Qxg4 Be7 10. Qxe4 d5 11. Qe2 Bd6 12. Nd2 Bd7 13. Nb3 Qh4 14. f4 Bf5
15. Qf2 Qh6 16. Nc5 Bxc5 17. dxc5 Be4 18. Re1 Rae8 19. Be3 a6 20. Ba4 Qg6 21.
Qg3 Qf5 22. Bd1 Qf7 23. Qh3 Re6 24. Bh5 Qe7 25. b4 Qf6 26. a3 h6 27. Rac1 Kh7
28. g4 Re7 29. f5 Kg8 30. Qg3 g5 31. a4 Ra8 32. Qf2 Kg7 33. a5 Rd8 34. Bd4 Nxd4
35. Qxd4 Rdd7 36. Bg6 Re5 37. Re2 c6 38. Rd1 Rde7 39. Rde1 Rc7 40. Qf2 Ree7 41.
Qd4 Re5 42. Re3 Rce7 43. Rc1 Rc7 44. Rce1 Rce7 45. c4 Kg8 46. cxd5 cxd5 47. Qb2
Kg7 48. R3e2 Rc7 49. Kf2 Rce7 50. Kg3 Kg8 51. Rd2 Bd3 52. Rxe5 Rxe5 53. Qd4 Bc4
54. Be8 1/2-1/2

[Event "NRW Class2 1314"]
[Site "Germany"]
[Date "2014.01.12"]
[Round "5.3"]
[White "Webb, Laurence"]
[Black "Buendgen, Achim"]
[Result "1/2-1/2"]
[WhiteElo "2260"]
[BlackElo "2184"]
[PlyCount "152"]
[EventDate "2013.09.15"]
[EventType "team-tourn"]
[EventRounds "9"]
[EventCountry "GER"]
[SourceTitle "EXT 2015"]
[Source "ChessBase"]
[SourceDate "2014.11.20"]
[SourceVersion "1"]
[SourceVersionDate "2014.11.20"]
[SourceQuality "1"]
[WhiteTeam "Letmathe"]
[BlackTeam "Neuenkirchen"]
[WhiteTeamCountry "GER"]
[BlackTeamCountry "GER"]

1. e4 e5 2. Nf3 Nc6 3. c3 Nf6 4. d4 Nxe4 5. d5 Ne7 6. Nxe5 Ng6 7. Qd4 Qf6 8.
Qxe4 Qxe5 9. Qxe5+ Nxe5 10. Bf4 Bd6 11. Bg3 O-O 12. Nd2 f5 13. f3 b6 14. O-O-O
Bb7 15. Nc4 Nxc4 16. Bxc4 f4 17. Bf2 Rae8 18. Rd2 Rf5 19. h4 g6 20. Rhd1 Kf8
21. Bb5 Re7 22. Ba4 Be5 23. Bc2 Rh5 24. Be4 d6 25. Rh1 Kf7 26. Kc2 Bf6 27. Rdd1
Bc8 28. c4 a5 29. b3 Bf5 30. Bxf5 Rxf5 31. Kd3 h5 32. Rde1 Rfe5 33. Rxe5 Bxe5
34. Re1 Kf6 35. Bd4 Kf5 36. Re4 Rg7 37. Re2 Rg8 38. a4 Rb8 39. Bf2 Rg8 40. Be1
Ra8 41. Ra2 Bf6 42. Re2 Be5 43. Bc3 Rb8 44. Re4 Rg8 45. Bd4 Rb8 46. Kc3 Rd8 47.
Bxe5 dxe5 48. b4 Ra8 49. b5 Rd8 50. Re2 Rd6 51. Rd2 g5 52. c5 bxc5 53. hxg5
Kxg5 54. Kc4 Kh4 55. Re2 Kg3 56. Rxe5 Kxg2 57. Rxh5 Kxf3 58. Rh7 Ke2 59. Re7+
Kd2 60. Rf7 Ke3 61. Rxc7 Rf6 62. Re7+ Kd2 63. Rh7 f3 64. Kxc5 f2 65. Rh1 f1=Q
66. Rxf1 Rxf1 67. b6 Rc1+ 68. Kb5 Kc3 69. d6 Rd1 70. Kc6 Kd4 71. d7 Ke5 72. b7
Ke6 73. b8=Q Rc1+ 74. Kb6 Rb1+ 75. Kc7 Rxb8 76. Kxb8 Kxd7 1/2-1/2

[Event "RA-2013-0-00308"]
[Site "Lechenicher SchachServer"]
[Date "2014.01.12"]
[Round "?"]
[White "Hatsek, Werner"]
[Black "Krol, Wladyslaw"]
[Result "1/2-1/2"]
[WhiteElo "1906"]
[BlackElo "1966"]
[PlyCount "45"]
[EventDate "2013.12.23"]
[EventType "tourn"]
[EventRounds "6"]
[SourceTitle "OM Corr 202003"]
[Source "Opening Master"]
[SourceDate "2019.05.30"]
[SourceVersion "2"]
[SourceVersionDate "2019.05.30"]
[SourceQuality "1"]

1. e4 e5 2. Nf3 Nc6 3. c3 Nf6 4. d4 exd4 5. e5 Ne4 6. Qe2 f5 7. Nxd4 Qe7 8.
Nxc6 bxc6 9. f4 d5 10. Nd2 Qe6 11. Nxe4 fxe4 12. Be3 Be7 13. O-O-O O-O 14. c4
a5 15. Qc2 Rd8 16. Kb1 a4 17. h3 Ba6 18. cxd5 cxd5 19. Qxc7 Rac8 20. Qa7 Bxf1
21. Rhxf1 a3 22. Rf2 Rc6 23. Qb7 1/2-1/2

[Event "AUS-ch"]
[Site "Melbourne"]
[Date "2014.01.10"]
[Round "10"]
[White "Wohl, Aleksandar H"]
[Black "Dragicevic, Domagoj"]
[Result "1/2-1/2"]
[WhiteElo "2371"]
[BlackElo "2199"]
[PlyCount "88"]
[EventDate "2014.01.02"]
[EventType "swiss"]
[EventRounds "11"]
[EventCountry "AUS"]
[SourceTitle "CBM 158 Extra"]
[Source "ChessBase"]
[SourceDate "2014.02.28"]
[SourceVersion "1"]
[SourceVersionDate "2014.02.28"]
[SourceQuality "1"]

1. e4 e5 2. Nf3 Nc6 3. c3 d5 4. d3 Nf6 5. Nbd2 a5 6. Be2 Bd6 7. O-O O-O 8. exd5
Nxd5 9. Nc4 Re8 10. Nxd6 Qxd6 11. Re1 Bf5 12. Ng5 a4 13. Ne4 Qe7 14. Bg5 f6 15.
Bd2 Kh8 16. Ng3 Bg6 17. h4 f5 18. h5 f4 19. hxg6 fxg3 20. fxg3 Qc5+ 21. Kh2 Re6
22. Bh5 Nf6 23. Bf3 Rd8 24. d4 Qe7 25. Bg5 exd4 26. Rxe6 Qxe6 27. cxd4 Rxd4 28.
Qe2 Qxe2 29. Bxe2 Rb4 30. b3 Nd4 31. Bc4 hxg6 32. Rf1 axb3 33. axb3 Nxb3 34.
Bf7 Rb6 35. Bf4 Nd4 36. Bxc7 Rc6 37. Bf4 Ne6 38. Ra1 Nxf4 39. Ra8+ Kh7 40. gxf4
Rc7 41. Bb3 Ng4+ 42. Kh3 Rc3+ 43. Kxg4 Rxb3 44. Rb8 Rb5 1/2-1/2

[Event "corr freechess"]
[Site "freechess.de"]
[Date "2014.01.09"]
[Round "?"]
[White "Kevekordes, Peter"]
[Black "Rosenauer, Horst"]
[Result "1-0"]
[WhiteElo "2202"]
[BlackElo "2149"]
[PlyCount "105"]
[EventDate "2014.??.??"]
[EventType "tourn (corr)"]
[SourceTitle "OM Corr 202003"]
[Source "Opening Master"]
[SourceDate "2019.05.30"]
[SourceVersion "2"]
[SourceVersionDate "2019.05.30"]
[SourceQuality "1"]

1. e4 e5 2. Nf3 Nc6 3. c3 d5 4. Qa4 f6 5. Bb5 Nge7 6. exd5 Qxd5 7. O-O a6 8.
Bc4 Qd6 9. d4 Bd7 10. Qc2 Bf5 11. Qe2 O-O-O 12. dxe5 Nxe5 13. Nxe5 Qxe5 14.
Qxe5 fxe5 15. Re1 Nc6 16. Nd2 Be7 17. Be2 Bf6 18. Bf3 Ne7 19. Ne4 Bxe4 20. Bxe4
g6 21. a4 Rd7 22. a5 Rhd8 23. g3 Rd1 24. Kf1 Nf5 25. h4 Rxe1+ 26. Kxe1 Nd6 27.
Bd5 Re8 28. Ke2 c6 29. Bb3 Bd8 30. Be3 Bc7 31. h5 Kd7 32. hxg6 hxg6 33. Rd1 Kc8
34. Bc5 Ne4 35. Bf7 Rd8 36. Rxd8+ Kxd8 37. Be3 Bxa5 38. Bxg6 Nd6 39. g4 Ke7 40.
g5 Kf8 41. Bc5 Bc7 42. Kf3 Kg7 43. Bd3 a5 44. Kg4 a4 45. Be3 Bd8 46. f4 exf4
47. Kxf4 Nf7 48. Bd4+ Kf8 49. g6 Bc7+ 50. Kf5 Nd6+ 51. Ke6 Nb5 52. g7+ Kg8 53.
Bc4 1-0